000 00474nam a22001817a 4500
005 20260604111512.0
008 260604b |||||||| |||| 00| 0 eng d
020 _a9788119662104
_c2750.00
040 _aMAIN
041 _aEnglish
082 _a658.3
_bDEV
100 _aTapomoy Deb
_927004
245 _aHuman Resource Development
_b: Theory And Practice
260 _aNew Delhi
_bAne Books
_c2025
300 _a175
650 _aCommerce (PM USHA)
_926705
942 _cBK
999 _c60986
_d60986